|
|
|
|
| LEADER |
00000nab a2200000 a 4500 |
| 001 |
vtls000633847 |
| 003 |
SK-MaSNL |
| 005 |
20260304085204.0 |
| 008 |
250425c1997 xo 0 slo |
| 015 |
|
|
|a SNBRB19rr/mm-uuuuu
|
| 035 |
|
|
|a CL0633986
|
| 035 |
|
|
|a urn:nbn:sk:snk-abbr38
|
| 035 |
|
|
|a (urnnbn)urn:nbn:sk:snk:ar-00348i
|
| 035 |
|
|
|a (uuid)9a529326-d8f7-4cf3-be4a-25cd89bd6f6b
|
| 040 |
|
|
|a SNKBUCL
|b slo
|c SNKBUCL
|e AACR2
|
| 041 |
0 |
|
|a slo
|
| 044 |
|
|
|a xo
|c SK
|
| 080 |
|
|
|a 800.6:808.54
|2 1981
|
| 080 |
|
|
|a 808.54-06
|2 1981
|
| 100 |
1 |
|
|a Kačala, Ján,
|d 1937-
|4 aut
|9 89383
|
| 245 |
1 |
0 |
|a Východiská teórie a praxe jazykovej kultúry
|c Ján Kačala
|
| 500 |
|
|
|a Reakcia na čl. J. Dolníka K analýze teórie jazykovej kultúry (SR, 5/1996, s. 291)
|
| 650 |
0 |
7 |
|a slovenčina
|2 snkbucl
|9 1350
|
| 650 |
0 |
7 |
|a jazyková kultúra
|2 snkbucl
|9 1395
|
| 650 |
0 |
7 |
|a teória jazykovej kultúry
|2 snkbucl
|9 827226
|
| 655 |
|
7 |
|a články z novín a časopisov
|2 snkbucl
|9 267496
|
| 700 |
1 |
|
|a Dolník, Juraj,
|d 1942-
|4 aut
|9 232465
|
| 773 |
0 |
|
|t Slovenská reč
|g Roč. 62, č. 3 (1997), s. 159-166
|
| 850 |
|
|
|a Slovenská národná knižnica
|
| 852 |
|
|
|a Slovenská národná knižnica
|
| 954 |
|
|
|a odborná, vedecká literatúra pôvodná (slovenská)
|2 lita
|
| 958 |
|
|
|a article15
|
| 958 |
|
|
|a RK
|
| 958 |
|
|
|a OND
|
| 958 |
|
|
|a EUIPO
|
| 992 |
|
|
|a RBX
|
| 999 |
|
|
|c 2806902
|d 2808832
|